000 01311nam a22002657 4500
999 _c1135
_d1135
003 AR-BaISA
005 20230321162718.0
007 ta
008 221011s2014 ag ado|| |||| 001 0 spa d
020 _a9788498357585
040 _bspa
_cAR-BaISA
082 0 4 _222
_a615.84 R619
100 1 _92584
_aRodríguez Martín, José María
245 1 0 _aElectroterapia en fisiología /
_cJosé María Rodríguez Martín
250 _a3ª ed.
260 _aBuenos Aires:
_bMédica Panamericana,
_c2014
300 _aXVI, 625 p.:
_bil., fotos, gráfs., tablas
504 _aBibliografía p.: 607-611.
504 _aÍndice analítico p.: 613-625.
505 _tElectrofísica de electroterapia --
_tCorrientes más utilizadas en electroterapia --
_tAplicación de electroterapia --
_tNomenclatura en electroterapia --
_tGalvanismo --
_tTratamientos con galvanismo --
_tIontoforesis --
_tElectroanalgésica de baja frecuencia --
_tCorrientes diadinámicas --
_tEfecto excitomor --
_tEstimulación neuromuscular --
_tMedia frecuencia --
_tAlta frecuencia --
_tMagnetoterapia --
_tUltrasonoterapia --
_tInfrarrojos --
_tLaserterapia --
_tBiofeedback y miofeedback en fisioterapia
650 1 0 _91206
_aFisioterapia
650 1 0 _91782
_aRehabilitación
650 1 0 _92787
_aTerapia por estimulación eléctrica
942 _2ddc
_cLI
_e22